000 00675nam a2200241Ia 4500
003 OSt
005 20220925212546.0
006 a|||||r|||| 00| 0
007 ta
008 220923b |||||||| |||| 00| 0 eng d
037 _cGeneral Book
040 _aRTL
_cRTL
_beng
041 _2eng
_aeng
082 _aY, L6
100 _aBryant Christopher G A
_9131482
245 0 _aSociology in action
_b A critique of selected conce
260 _aLondon
_bAllen and Unwin
_c1976
300 _a378p
_ccm.
500 _aBibliography P 349-69
650 _aEssays Sociology
942 _hY, L6
_cGB
_2CC
999 _c560648
_d560648